'Think on my words': (Record no. 179155)

MARC details
000 -LEADER
fixed length control field 00749nam a22002057a 4500
005 - DATE AND TIME OF LATEST TRANSACTION
control field 20210527111355.0
010 ## - LCCN (DPL NO)
LC control number B-739937
020 ## - INTERNATIONAL STANDARD BOOK NUMBER
International Standard Book Number 9781107667686
Terms of availability 350.00
035 ## - SYSTEM CONTROL NUMBER
System control number B-739937
037 ## - SOURCE OF ACQUISITION
Source of stock number/acquisition Gift
082 ## - DEWEY DECIMAL CLASSIFICATION NUMBER
Classification number 882
100 ## - MAIN ENTRY--PERSONAL NAME
Personal name Crystal, David
245 ## - TITLE STATEMENT
Title 'Think on my words':
Remainder of title exploring Shakespeare's language /
Statement of responsibility, etc by David Crystal
260 ## - PUBLICATION, DISTRIBUTION, ETC. (IMPRINT)
Place of publication, distribution, etc Delhi
Name of publisher, distributor, etc Cambridge University Press
Date of publication, distribution, etc 2013
270 ## - ADDRESS
Address 4381/4, Ansari Road, Daryaganj
City Delhi
Postal code 110002
300 ## - PHYSICAL DESCRIPTION
Extent xii, 254p.
Dimensions 21cm(pbk)
500 ## - GENERAL NOTE
General note includes bibliographical references and indexes
942 ## - ADDED ENTRY ELEMENTS (KOHA)
Source of classification or shelving scheme Dewey Decimal Classification
Item type English Books
Call number suffix CRY
Classification part 882
Holdings
Withdrawn status Lost status Not for loan Collection code Home library Current library Date acquired Source of acquisition Cost, normal purchase price Full call number Barcode Copy number Cost, replacement price Koha item type Public note
      Non-fiction Ashok Vihar Ashok Vihar 27/05/2021 Gift/Eng/03-05-2021 350.00 882 CRY B-739937 1 350.00 English Books Gift

© Delhi Public Library
Hit Counter
free hit counter